000
00319nam a2200133Ia 4500
005
20260328104248.0
008
260328s9999||||xx |||||||||||||| ||und||
100
_a
Wikstron, Jeppe
245
0
_a
Aday in the World /
_c
Jeppe Wikstron
260
_b
Earth aware
300
_a
510 p.
650
_a
FOTOGRAFÍA
942
_c
BK
999
_c
10143
_d
10143